Neural Network Design (Record no. 305786)

MARC details
000 -LEADER
fixed length control field 00430nam a2200157Ia 4500
008 - FIXED-LENGTH DATA ELEMENTS--GENERAL INFORMATION
fixed length control field 230718s9999 xx 000 0 und d
020 ## - INTERNATIONAL STANDARD BOOK NUMBER
International Standard Book Number 978912403766
041 ## - LANGUAGE CODE
Language code of text/sound track or separate title eng
082 ## - DEWEY DECIMAL CLASSIFICATION NUMBER
Classification number 006.32
Item number HAG
100 ## - MAIN ENTRY--PERSONAL NAME
Personal name Hagan M.T.
9 (RLIN) 187533
245 ## - TITLE STATEMENT
Title Neural Network Design
260 ## - PUBLICATION, DISTRIBUTION, ETC. (IMPRINT)
Date of publication, distribution, etc. 2002
Name of publisher, distributor, etc. Thomson Publication
365 ## - TRADE PRICE
Currency code Rs.
Price amount 450.00
700 ## - ADDED ENTRY--PERSONAL NAME
Personal name Hagan M.T.,Demuth H.B.& Beale M.
9 (RLIN) 187534
906 ## - LOCAL DATA ELEMENT F, LDF (RLIN)
d B:50302-Sep-2003
c COMP
b 90
Holdings
Withdrawn status Lost status Damaged status Not for loan Home library Current library Date acquired Vendor Budget Code Cost, normal purchase price Bill number Total Checkouts Full call number Barcode Date last seen Discount Cost, replacement price Bill Date Koha item type Original Barcode
        Cummins College of Engineering for Women Pune Cummins College of Engineering for Women Pune 08/09/2003 Ganeshbook COMP 360.00 503   006.32 CCEP-BK-16993 18/07/2023 90 450.00 02/09/2003 Books 016993